FoodCo Uk LLP (t/a Muffin Break), Caskade Caterers Limited (t/a KFC), Panesar Enterprise Limited (t/a Burger King ), The Interchange Organization Limited, Game Grid Limited, Eat Limited v Henry Boot Developments Limited (Record no. 82773)
[ view plain ]
| 000 -LEADER | |
|---|---|
| fixed length control field | 01855cab a22002775a 4500 |
| 001 - CONTROL NUMBER | |
| control field | L151328 |
| 008 - FIXED-LENGTH DATA ELEMENTS--GENERAL INFORMATION | |
| fixed length control field | 101021e20100303xxk 000 0 eng d |
| 035 ## - SYSTEM CONTROL NUMBER | |
| System control number | (Sirsi) u151328 |
| 041 0# - LANGUAGE CODE | |
| Language code of text/sound track or separate title | eng |
| 245 00 - TITLE STATEMENT | |
| Title | FoodCo Uk LLP (t/a Muffin Break), Caskade Caterers Limited (t/a KFC), Panesar Enterprise Limited (t/a Burger King ), The Interchange Organization Limited, Game Grid Limited, Eat Limited v Henry Boot Developments Limited |
| 260 ## - PUBLICATION, DISTRIBUTION, ETC. | |
| Date of publication, distribution, etc. | 2010 |
| 520 ## - SUMMARY, ETC. | |
| Summary, etc. | [2010] EWHC 358 (Ch) 3 March 2010. Considers whether the plaintiff retailer tenants F and others had been misled by information provided by the respondent developer B when they agreed their leases, which turned out to be a commercial disaster for them. F claimed that B misrepresented the business viability of the site in its brochures, in particular the extent of motorway signage, the likely footfall and the site facilities. Held: the landlord developer was not guilty of fraudulent misrepresentation. B had no reason to doubt the information commissioned by them from a reputable economic analyst Roger Tym & Partners to put in their marketing brochures. |
| 590 ## - LOCAL NOTE (RLIN) | |
| Local note | KA |
| 650 24 - SUBJECT ADDED ENTRY--TOPICAL TERM | |
| Topical term or geographic name entry element | FOODCO UK LLP (T/A MUFFIN BREAK) AND OTHERS V HENRY BOOT DEVELOPMENTS LTD |
| 650 24 - SUBJECT ADDED ENTRY--TOPICAL TERM | |
| Topical term or geographic name entry element | SPICE GIRLS LTD V APRILIA WORLD SERVICE BV |
| 650 24 - SUBJECT ADDED ENTRY--TOPICAL TERM | |
| Topical term or geographic name entry element | WITH V O'FLANAGAN |
| 650 24 - SUBJECT ADDED ENTRY--TOPICAL TERM | |
| Topical term or geographic name entry element | BEATTIE V LORD EBURY |
| 650 24 - SUBJECT ADDED ENTRY--TOPICAL TERM | |
| Topical term or geographic name entry element | TUDOR GRANGE HOLDINGS LTD V CITIBANK NA |
| 650 24 - SUBJECT ADDED ENTRY--TOPICAL TERM | |
| Topical term or geographic name entry element | JAFFRY V SOCIETY OF LLOYDS |
| 650 24 - SUBJECT ADDED ENTRY--TOPICAL TERM | |
| Topical term or geographic name entry element | ESSO PETROLEUM CO LTD V MARDON |
| 650 24 - SUBJECT ADDED ENTRY--TOPICAL TERM | |
| Topical term or geographic name entry element | UNFAIR CONTRACT TERMS ACT 1977 |
| 651 #4 - SUBJECT ADDED ENTRY--GEOGRAPHIC NAME | |
| Geographic name | England and Wales |
| Chronological subdivision | 1543- |
| 690 ## - LOCAL SUBJECT ADDED ENTRY--TOPICAL TERM (OCLC, RLIN) | |
| Topical term or geographic name as entry element | PROPERTY-COMMERCIAL PROPERTY-LEASEHOLD COMMERCIAL PROPERTY-COMMERCIAL LANDLORD AND TENANT-COMMERCIAL LEASES |
| 856 40 - ELECTRONIC LOCATION AND ACCESS | |
| Uniform Resource Identifier | <a href="https://www.bailii.org/ew/cases/EWHC/Ch/2010/358.html">https://www.bailii.org/ew/cases/EWHC/Ch/2010/358.html</a> |
| Public note | View the law report free of charge at www.bailii.org |
| 942 ## - ADDED ENTRY ELEMENTS (KOHA) | |
| Suppress in OPAC | 0 |
| Withdrawn status | Lost status | Source of classification or shelving scheme | Damaged status | Not for loan | Home library | Current library | Shelving location | Date acquired | Total Checkouts | Full call number | Barcode | Date last seen | Copy number | Price effective from | Koha item type |
|---|---|---|---|---|---|---|---|---|---|---|---|---|---|---|---|
| Dewey Decimal Classification | Virtual | Virtual | Online | 21/10/2010 | ONLINE PUBLICATION | 151328-2001 | 06/08/2019 | 1 | 06/08/2019 | Law report |